Author Name Slot Machine Quiz Stats

 Plays Quiz Updated May 20, 2015

Challenge
Share
Tweet
Score 0/75 Timer 10:00
1 Play Today
Hint Answer % Correct
1st PartEdgar Allan Poe
97.8%
2nd PartEdgar Allan Poe
97.8%
3rd PartEdgar Allan Poe
97.8%
1st PartHans Christian Andersen
91.4%
2nd PartHans Christian Andersen
91.4%
3rd PartHans Christian Andersen
91.4%
1st PartHarriet Beecher Stowe
86.9%
2nd PartHarriet Beecher Stowe
86.9%
3rd PartHarriet Beecher Stowe
86.9%
1st PartRobert Louis Stevenson
84.8%
2nd PartRobert Louis Stevenson
84.8%
3rd PartRobert Louis Stevenson
84.8%
1st PartGeorge Bernard Shaw
82.2%
2nd PartGeorge Bernard Shaw
82.2%
3rd PartGeorge Bernard Shaw
82.2%
1st PartLaura Ingalls Wilder
80.7%
2nd PartLaura Ingalls Wilder
80.7%
3rd PartLaura Ingalls Wilder
80.7%
1st PartHenry David Thoreau
79.8%
2nd PartHenry David Thoreau
79.8%
3rd PartHenry David Thoreau
79.8%
1st PartJames Fenimore Cooper
72.3%
2nd PartJames Fenimore Cooper
72.3%
3rd PartJames Fenimore Cooper
72.3%
1st PartMiguel de Cervantes
70.3%
2nd PartMiguel de Cervantes
70.3%
3rd PartMiguel de Cervantes
70.3%
1st PartGabriel García Márquez
69.1%
2nd PartGabriel García Márquez
69.1%
3rd PartGabriel García Márquez
69.1%
1st PartDaphne du Maurier
67.3%
2nd PartDaphne du Maurier
67.3%
3rd PartDaphne du Maurier
67.3%
1st PartMary Higgins Clark
59.4%
2nd PartMary Higgins Clark
59.4%
3rd PartMary Higgins Clark
59.4%
1st PartJoyce Carol Oates
58.4%
2nd PartJoyce Carol Oates
58.4%
Hint Answer % Correct
3rd PartJoyce Carol Oates
58.4%
1st PartZora Neale Hurston
49.3%
2nd PartZora Neale Hurston
49.3%
3rd PartZora Neale Hurston
49.3%
1st PartDavid Foster Wallace
47.1%
2nd PartDavid Foster Wallace
47.1%
3rd PartDavid Foster Wallace
47.1%
1st PartCarol Ann Duffy
45%
2nd PartCarol Ann Duffy
45%
3rd PartCarol Ann Duffy
45%
1st PartErle Stanley Gardner
40%
2nd PartErle Stanley Gardner
40%
3rd PartErle Stanley Gardner
40%
1st PartJorge Luis Borges
36.7%
2nd PartJorge Luis Borges
36.7%
3rd PartJorge Luis Borges
36.7%
1st PartJoão Guimarães Rosa
33.2%
2nd PartJoão Guimarães Rosa
33.2%
3rd PartJoão Guimarães Rosa
33.2%
1st PartJonathan Safran Foer
31.8%
2nd PartJonathan Safran Foer
31.8%
3rd PartJonathan Safran Foer
31.8%
1st PartMario Vargas Llosa
30.3%
2nd PartMario Vargas Llosa
30.3%
3rd PartMario Vargas Llosa
30.3%
1st PartStephen Vincent Benét
29.7%
2nd PartStephen Vincent Benét
29.7%
3rd PartStephen Vincent Benét
29.7%
1st PartJosé Lezama Lima
25.2%
2nd PartJosé Lezama Lima
25.2%
3rd PartJosé Lezama Lima
25.2%
1st PartRuth Prawer Jhabvala
25.1%
2nd PartRuth Prawer Jhabvala
25.1%
3rd PartRuth Prawer Jhabvala
25.1%
1st PartRichard Harding Davis
21.3%
2nd PartRichard Harding Davis
21.3%
3rd PartRichard Harding Davis
21.3%

You're not logged in!

Compare scores with friends on all Sporcle quizzes.
OR
Log In

You Might Also Like...

Show Comments

Extras

Top Quizzes Today


Score Distribution

Your Account Isn't Verified!

In order to create a playlist on Sporcle, you need to verify the email address you used during registration. Go to your Sporcle Settings to finish the process.

Report this User

Report this user for behavior that violates our Community Guidelines.

Details: